Emergency, future safeguards and the habeas corpus case: A criticism (Record no. 185640)

MARC details
000 -LEADER
fixed length control field 00417nam a2200157Ia 4500
008 - FIXED-LENGTH DATA ELEMENTS--GENERAL INFORMATION
fixed length control field 230917s9999||||xx |||||||||||||| ||und||
020 ## - ISBN
Price RS35
040 ## - CATALOGING SOURCE
-- 22869
Original cataloging agency VIVEKANANDA LIBRARY
041 ## - Language
-- English
082 ## - DDC NUMBER
Classification number 342.54 S36E
100 ## - MAIN ENTRY--PERSONAL NAME
Personal name Seervai, H M
245 #0 - TITLE STATEMENT
Title Emergency, future safeguards and the habeas corpus case: A criticism
260 ## - PUBLICATION, DISTRIBUTION, ETC. (IMPRINT)
Place of publication, distribution, etc Bombay
Name of publisher, distributor, etc M M Tripathi
Date of publication, distribution, etc 1978
300 ## - PHYSICAL DESCRIPTION
Pages xiii p. ; 172
942 ## - ADDED ENTRY ELEMENTS (KOHA)
Koha item type Books
Holdings
Withdrawn status Lost status Damaged status Not for loan Location (home branch) Sublocation or collection (holding branch) Date acquired Koha issues (times borrowed) Koha full call number Accession No. Koha date last seen Koha item type
        VIVEKANANDA LIBRARY VIVEKANANDA LIBRARY 08/08/2002   342.54 S36E 41272 17/09/2023 Books
        VIVEKANANDA LIBRARY VIVEKANANDA LIBRARY 08/08/2002   342.54 S36E 44130 17/09/2023 Books
© Designed and Maintained by Vivekananda Library, MDU Rohtak